Grace Kelly Trivia - Statistics

General Stats
  • This quiz has been taken 29 times
  • The average score is 11 of 20
Answer Stats
Question Answer % Correct
Of what country was Grace the princess of? Monaco
96%
How many Alfred Hitchcock films was Grace in? 3
92%
How many children does Grace have? 3
92%
In which of those Alfred Hitchcock films did Grace star in with James Stewart? Rear Window
88%
In 1954, Grace won an award for The Country Girl. What award was it? Academy Award
83%
Who was Grace's co-star in To Catch a Thief? Cary Grant
75%
Which iconic member of the rat pack starred alongside Grace in High Society? Frank Sinatra
71%
How old was Grace when she married? 26
67%
How did Grace die? Car crash
63%
What was Grace's husbands name? Prince Rainier III
63%
Grace stopped acting after what major event in her life? Marriage
58%
Which western film, also starring Gary Cooper, did Grace get her big break in? High Noon
50%
Which US state was Grace born in? Pennsylvania
46%
Who was the male lead in Mogambo, one of Grace's earlier films? Clark Gable
38%
What was the first film Grace made with Alfred Hitchcock? Dial M for Murder
38%
What major building does Grace have named after her in the country she was Princess of? Hospital
29%
Grace starred in High Society, a musical remake of which film starring Katharine Hepburn? The Philadelphia Story
29%
Grace's father won medals in which famous sporting event? Olympics
25%
In 2011, Mattel released a doll of Grace's likeness, what is the doll wearing? Wedding dress
25%
What is Grace's characters name in Rear Window? Lisa Fremont
17%
No matching quizzes found
Score Distribution
Percent of People with Each Score
Percentile by Number Answered
Your Score History
You have not taken this quiz